| 000 | 00592nam a2200193 i 4500 | ||
|---|---|---|---|
| 001 | 000020726 | ||
| 003 | DO-SdBNP | ||
| 005 | 20250625111833.0 | ||
| 007 | ta | ||
| 008 | 100813s1979 dr a r 000 0 spa d | ||
| 040 |
_aDO-SdBNP _bspa _cBPJMB |
||
| 041 | _aspa | ||
| 082 | 4 |
_axxx _bS446e _222 |
|
| 110 | 1 |
_aSecretaría de Estado de Agricultura. _bDirección Regional Agropecuaria Sur _943479 |
|
| 245 | 1 | 0 | _aCampaña de cultivo horizontales. |
| 264 |
_aSanto Domingo : _bDepartamento de Divulgación Técnica, _c1979. |
||
| 300 |
_a43 páginas : _bilustraciones ; _c23 cm. |
||
| 942 |
_2ddc _cLFPD |
||
| 999 |
_c20230 _d20230 |
||